| 000 | 01238cam a22002054a 4500 | ||
|---|---|---|---|
| 005 | 20250605164124.0 | ||
| 008 | 250528s ||||||||||||||||||||||||d | ||
| 035 | _a18377 | ||
| 020 | _a140131329 | ||
| 040 |
_aGR-AtMCL _bgre _dGR-AtMCL _eAACR2 |
||
| 245 | 1 | _aArt and Photography | |
| 260 |
_bPenguin Books, _c1986 |
||
| 300 | _a400 | ||
| 505 | 0 | _aPreface, Introduction, The Invention of Photography, Portraiture, Landscape and Genre, Delacroix and Photography, The Dilemma of Realism, The Power of Photography, Impressionism, Degas and the Instantaneous Image, The Representation of Movement in Photography and Art, Photography as Art: Art as Photography, Beyond Photography, Beyond Art, Conclusion, Notes, List of Illustrations, Index. | |
| 520 | _aPreface, Introduction, The Invention of Photography, Portraiture, Landscape and Genre, Delacroix and Photography, The Dilemma of Realism, The Power of Photography, Impressionism, Degas and the Instantaneous Image, The Representation of Movement in Photography and Art, Photography as Art: Art as Photography, Beyond Photography, Beyond Art, Conclusion, Notes, List of Illustrations, Index. | ||
| 700 | 1 |
_aScharf Aaron _94649 |
|
| 942 | _cBK | ||
| 999 |
_c3739 _d3739 |
||